1861 1605 1804 1472 1762 1588 1574 1073 1717 1187 1819 1113 1764 1654 1867 1356 1272 1232 1070 1822 1333 1311 1934 1091 1619 1199 1325 1189 1053 1341 1756 1647 1658 1104 1583 1559 1336 1823 1255 1922 1194 1311 1433 1607 1344 1406 1646 1128 1932 1031 1159 1431 1461 1767 1168 1591 1809 1881 1404 1728 1436 1849 1187 1386 1210 1634 1007 1867 1318 1186 1321 1849 1681 1371 1217 1834 1234 1736 1660 1540 1538 1241 1238 1015 1742 1041 1980 1192 1619 1745 1664 1490 1260 1319 1347 1791 1032 1431 1139 BCNSPRNW ULIB Ver.6.0+V

เปลี่ยนเป็นภาษาไทย

Change to English
 แสดงรายละเอียดบรรณานุกรม
  กลับหน้าหลัก

Brief Record : Get Marc (ISO 2709) : E-mail record : QR code < ปิดหน้าต่าง
LEADER : 00000nam 2200000uu 4500
001    13399115040
003     ULIB
008    120705s2525||||th 000 0 tha d
050 04 ^aQC21^bส639ฟ 2525
110 2  ^aกระทรวงสาธารณสุข. ^bสำนักงานปลัดกระทรวง.
245 10 ^aฟิสิกส์ทางการพยาบาล /^cกองงานวิทยาลัยพยาบาล
260    ^a[กรุงเทพฯ] :^bกองงาน...,^c[2525]
300    ^a[10], 216 หน้า :^bภาพประกอบ
500    ^aSend to Single Search
650  4 ^aฟิสิกส์^xตำราทางการพยาบาล
945    ^p0^l0^i976
995    ^aกัณชพร
999 ^a ใช้งานได้ทุกระบบ
รายการนี้ยังไม่มีแท็ก
คุณยังไม่ได้ล็อกอิน คุณสามารถมีกิจกรรมร่วมกับเว็บไซต์ได้ แต่ต้องล็อกอินก่อน ::
  ล็อกอิน

รายการสื่อสารสนเทศ

ลำดับที่ ประเภท เลขเรียก/บาร์โค้ด สถานที่ สถานะ
- ไม่พบข้อมูล -

BibComment


ยังไม่เคยถูกคอมเมนท์

คอมเมนท์ทรัพยากรรายการนี้
  คอมเมนท์: ฟิสิกส์ทางการพยา..


 Copyright 2026. Bcnsprnw @Library